000 00845nam a2200229Ia 4500
001 17304
003 GE_BSU
008 181216s||||||||xx |||||||||||||| ||und||
040 _cGE_BSU
080 _a821.353.1-2
100 _aკანდელაკი,ვალერიან
245 _aორი პიესა. ორი სპეციალისტი, უშრეტი წყარო
245 _bორი სპეციალისტი,უშრეტი წყარო
245 _cრედ.: გ.სალუქვქძე
260 _aბათუმი
260 _bსახელმწიფო გამ-ბა
260 _c1956
300 _a264გვ.;16სმ
653 _aორი სპეციალისტი,უშრეტი წყარო
653 _aპიესა
942 _cBK
999 _c50363
_d50363